| 000 | 01502nam a2200349 4500 | ||
|---|---|---|---|
| 001 | 89 | ||
| 003 | OSt | ||
| 005 | 20250528074011.0 | ||
| 008 | 250123b |||||||d |||| 00| 1 eng d | ||
| 020 | _a9788501080905 | ||
| 040 | _bpor | ||
| 041 |
_heng _apor |
||
| 082 |
_aIJ 028.5 _bC116p |
||
| 100 | 1 |
_aCabot, Meg, _d1967- _9199 |
|
| 240 | _aPrincess Mia | ||
| 245 |
_aPrincesa _bMia / _cCabot, Meg ; Tradução de Ana Ban |
||
| 260 |
_aRio de Janeiro _bRecord _c2008 |
||
| 300 | _a300 p. | ||
| 490 | 1 |
_aO diário da Princesa _vLivro 09 |
|
| 500 | _aPrincesa Mia Sequência de: princesa no limite | ||
| 520 | _aMia precisa discursar em um baile de gala da Domina Rei, uma sociedade de elite, cheia de poderosas mulheres de negócios. O que diabos ela teria a dizer? Agora que Michael terminou com ela de vez, Mia não consegue sair da cama, sua melhor amiga a odeia e todas as suas roupas estão ficando apertadas. Para piorar, está sendo obrigada a ver um terapeuta, Lana Weinberg agora quer ser sua melhor amiga, e Mia descobre o diário de uma antepassada, com revelações que podem mudar o destino da Genovia para sempre. Como uma princesa poderia resolver tantos | ||
| 650 | 0 |
_aLiteratura Americana _984 |
|
| 650 | 0 |
_aHumor _960 |
|
| 650 | 0 |
_aAmor e Paixão _925 |
|
| 650 | 0 |
_aInfantojuvenil _9200 |
|
| 650 | 0 |
_aFilme _926 |
|
| 655 | 0 |
_aRomance _923 |
|
| 655 | 0 |
_aFicção _922 |
|
| 700 |
_aAna Ban _eTradutor _9203 |
||
| 830 |
_aO diário da princesa _vLivro 09 _9201 |
||
| 942 |
_2ddc _n0 _cBK |
||
| 999 |
_c89 _d89 |
||